书目信息 |
| 题名: |
信号分析与处理
|
|
| 作者: | 赵光宙 , 舒勤 编 | |
| 分册: | ||
| 出版信息: | 北京 机械工业出版社 2001.08 |
|
| 页数: | 286页 | |
| 开本: | 26cm | |
| 丛书名: | ||
| 单 册: | ||
| 中图分类: | TN91 , TN911.6 | |
| 科图分类: | ||
| 主题词: | 通信理论 | |
| 电子资源: | ||
| ISBN: | 7-111-08492-6 | |
| 000 | 00620nam0 2200217 45 | |
| 001 | 0354896146 | |
| 005 | 2003032815145577 | |
| 010 | @a7-111-08492-6@dRMB 23.00 | |
| 100 | @a20030328d2001 km y0chiy0120 ea | |
| 101 | 0 | @achi |
| 102 | @aCN@b110000 | |
| 200 | 1 | @a信号分析与处理@Axin hao fen xi yu chu li@f赵光宙,舒勤编@Fzhao guang zhou,shu qin bian |
| 210 | @a北京@c机械工业出版社@d2001.08 | |
| 215 | @a286页@d26cm | |
| 606 | 0 | @a通信理论 |
| 690 | @aTN91@v3 | |
| 690 | @aTN911.6@v4 | |
| 701 | 0 | @a赵光宙@Azhao guang zhou@4编 |
| 701 | 0 | @a舒勤@Ashu qin@4编 |
| 801 | 0 | @aCN@bPFT@c20030328 |
| 905 | @a10447@dTN911.6@eZ300 | |
| 信号分析与处理/赵光宙,舒勤编.-北京:机械工业出版社,2001.08 |
| 286页;26cm |
| ISBN 7-111-08492-6:RMB 23.00 |
| ● |
| 相关链接 |
|
|
|
正题名:信号分析与处理
索取号:TN911.6/Z300
 
预约/预借
| 序号 | 登录号 | 条形码 | 馆藏地/架位号 | 状态 | 备注 |
| 1 | 367079 | 203670795 | 自科库301/301自科库 35排1列2层/ [索取号:TN911.6/Z300] | 在馆 | |
| 2 | 367080 | 203670802 | 自科库301/301自科库 35排1列2层/ [索取号:TN911.6/Z300] | 在馆 |